00881nam a2200229 a 450000500170000000800410001701000140005802000100007203500130008203700150009504000180011008200120012810000400014024501140018026000510029427000360034530000240038149000290040550001410043454600520057565100240062720080811105156.0070914s2007 ii b 001 0 eng  aENG-91812 c75.00 aEN-75345 bDBAD / PUB adplbEnglish  a915.503 aChatterji, Suniti Kumar, 1890-1977. aIranianism: bIranian culture and its impact on the world from Achaemenian times/cby Suniti Kumar Chatterji  aKolkata :bThe Asiatic Society,c2008(repr.).  a1 Park Street bKolkatae700016 a35p. c24 cm (pbk)  aMonograph series ; v. 22 a"Paper read and discussed on 3 September 1970, at the World Congress of Iranologists, from 31 August to 7 September 1966, Tehran, Iran." aIncludes words in Bengali and Sanskritb(roman) aIranxCivilization.